000 00331pab a2200145 454500
008 180718b2005 xxu||||| |||| 00| 0 eng d
100 _aMazlish, Bruce
245 _aThe global and the local
260 _c2005
300 _ap.93-11.
362 _aJan
650 _aGlobalization
773 _aCurrent Sociology
909 _a64030
999 _c64030
_d64030